Statistiques concernant Focus sur: Rowena Serdaigle - Harry Potter

Cliquez ici pour prendre le quiz!

Statistiques générales

  • Ce quiz a été pris 284 fois
    (280 depuis la dernière actualisation)
  • Le résultat moyen est 6 sur 7

Statistiques - réponses

Informations recherchéesRéponses% Correct
Ecole "fréquentée"Poudlard
100%
Statut du sangSang-Pur
99%
Maison "fréquentée"Serdaigle
99%
ReliqueDiadème
98%
FilleHelena Serdaigle
92%
Première mentionHarry Potter et la chambre des secrets
85%
ProfessionFondatrice de Poudlard
65%

Distribution des résultats

Percentile par nombre de réponses

% des personnes avec chaque résultat

Votre développement - résultats

Vous n’avez pas pris ce quiz depuis la dernière actualisation